| 000 | 00746nam a22002535b 4500 | ||
|---|---|---|---|
| 001 | 00000000056840 | ||
| 003 | OSt | ||
| 005 | 20131010104202.0 | ||
| 008 | 020226s1955 esp spa d | ||
| 040 |
_aBR-M _cBMC |
||
| 082 | _a864-920 Mirabeau | ||
| 082 | _a864-920 Kant | ||
| 082 | _a864-920 Goethe | ||
| 100 |
_910 _aOrtega y Gasset, José _d1883-1955 |
||
| 245 | 1 | 0 |
_aTríptico _b: Mirabeau o el político ; Kant ; Goethe desde dentro _cJosé Ortega y Gasset |
| 250 | _a9ª ed | ||
| 260 |
_aMadrid _bEspasa-Calpe _c1972 |
||
| 300 |
_a178 p. _c18 cm |
||
| 490 |
_aAustral _v181 |
||
| 600 | 1 | 4 | _aKant, Immanuel |
| 600 | 1 | 4 | _aGoethe, Johann Wolfgang von |
| 600 | 1 | 4 |
_aMirabeau, Honoré-Gabriel de Riqueti _9468 _ccomte de |
| 942 |
_2ddc _cBK |
||
| 999 |
_c332 _d332 |
||